Catálogo
 En Linea

Islas sin fronteras : (Registro nro. 33540)

Detalles MARC
000 -CABECERA
campo de control de longitud fija 00764nam a2200193 a 4500
001 - NÚMERO DE CONTROL
campo de control 000034049
005 - FECHA Y HORA DE LA ÚLTIMA TRANSACCIÓN
campo de control 20200930070730.0
008 - DATOS DE LONGITUD FIJA--INFORMACIÓN GENERAL
campo de control de longitud fija 110921s2000 dr 000 0 spa d
040 ## - FUENTE DE LA CATALOGACIÓN
Centro catalogador/agencia de origen DO-SdBNP
Lengua de catalogación spa
Centro/agencia transcriptor BNPHU
049 ## - FONDOS LOCALES (OCLC)
Fondos de biblioteca BNPD
100 1# - ENTRADA PRINCIPAL--NOMBRE DE PERSONA
Nombre de persona Pascual Morán, Vanessa
9 (RLIN) 59488
245 10 - MENCIÓN DE TÍTULO
Título Islas sin fronteras :
Resto del título : los dominicanos indocumentados y la agricultura en Puerto Rico /
Mención de responsabilidad, etc. Vanessa Pascual Morán, Delia Ivette Figueroa.
260 ## - PUBLICACIÓN, DISTRIBUCIÓN, ETC.
Lugar de publicación, distribución, etc. Carolina :
Nombre del editor, distribuidor, etc. CISCLA/Revista Interamericana,
Fecha de publicación, distribución, etc. 2000.
300 ## - DESCRIPCIÓN FÍSICA
Extensión iii, 64 p. :
Otras características físicas il., ;
Dimensiones 24 cm.
490 1# - MENCIÓN DE SERIE
Mención de serie CISCLA/Revista Interamericana.
-- monográfica ;
Designación de volumen o secuencia no. 5
504 ## - NOTA DE BIBLIOGRAFÍA, ETC.
Nota de bibliografía, etc. Bibliografía: p. 59-64.
700 1# - PUNTO DE ACCESO ADICIONAL--NOMBRE DE PERSONA
Nombre de persona Figueroa, Delia Ivette.
9 (RLIN) 59489
830 #0 - PUNTO DE ACCESO ADICIONAL DE SERIE-TÍTULO UNIFORME
Título uniforme CISCLA/Revista Interamericana.
Nombre de parte o sección de la obra monográfica ;
Designación de volumen o secuencia no. 5
9 (RLIN) 59490
Existencias
Estado de retiro Estado de pérdida No para préstamo Código de colección Localización permanente Ubicación/localización actual Ubicación en estantería Fecha de adquisición Número de inventario Total de préstamos Signatura topográfica completa Código de barras Fecha visto por última vez Precio válido a partir de Tipo de ítem Koha
      Patrimonio Dominicano Patrimonio Dominicano Patrimonio Dominicano Orden iniciada 21.09.2011 LF1   34049-10 25.06.2020 25.06.2020 Libro y Folleto Colección Patrimonio Dominicano

Con tecnología Koha